| 000 | 00761nam a22002177a 4500 | ||
|---|---|---|---|
| 999 |
_c20168 _d20168 |
||
| 003 | AR-CdUCM | ||
| 008 | 190527b ||||| |||| 00| 0 spa d | ||
| 040 |
_aMUNICIPALIDAD PROVINCIAL DEL CUSCO _cBIBLIOTECA MUNICIPAL DEL CUSCO |
||
| 082 |
_a129.38 / _bJ39 |
||
| 100 |
_aJaspers, Karl _929283 |
||
| 245 |
_aRazón y existencia : _bcinco lecciones / |
||
| 260 |
_aBuenos Aires : _bNova, _c1959. |
||
| 300 |
_a148 páginas ; _c20 cm. |
||
| 505 | _aContenido: Origen de la situación filosófica actual -- Lo abarcador -- La verdad como comunicabilidad... | ||
| 650 |
_aRazón _920519 |
||
| 650 |
_aFilosofía _9395 |
||
| 650 |
_aExistencialismo _914068 |
||
| 700 |
_aKahnemann, Haraldo (traducción) _942171 |
||
| 942 |
_2ddc _cLIBROS |
||
| 945 |
_adavv _d2019-05-27 |
||